| 000 -LEADER |
| fixed length control field |
03417cam a2200409 i 4500 |
| 001 - CONTROL NUMBER |
| control field |
21541671 |
| 005 - DATE AND TIME OF LATEST TRANSACTION |
| control field |
20221006095503.0 |
| 006 - FIXED-LENGTH DATA ELEMENTS--ADDITIONAL MATERIAL CHARACTERISTICS |
| fixed length control field |
m |o d | |
| 007 - PHYSICAL DESCRIPTION FIXED FIELD--GENERAL INFORMATION |
| fixed length control field |
cr ||||||||||| |
| 008 - FIXED-LENGTH DATA ELEMENTS--GENERAL INFORMATION |
| fixed length control field |
200518s2021 enk ob 001 0 eng |
| 010 ## - LIBRARY OF CONGRESS CONTROL NUMBER |
| LC control number |
2020022676 |
| 020 ## - INTERNATIONAL STANDARD BOOK NUMBER |
| International Standard Book Number |
9781003054597 |
| Qualifying information |
(ebook) |
| 020 ## - INTERNATIONAL STANDARD BOOK NUMBER |
| Canceled/invalid ISBN |
9780367515904 |
| Qualifying information |
(hardback) |
| 040 ## - CATALOGING SOURCE |
| Original cataloging agency |
DLC |
| Language of cataloging |
eng |
| Transcribing agency |
DLC |
| Description conventions |
rda |
| Modifying agency |
DLC |
| 042 ## - AUTHENTICATION CODE |
| Authentication code |
pcc |
| 043 ## - GEOGRAPHIC AREA CODE |
| Geographic area code |
a-cc--- |
| 050 00 - LIBRARY OF CONGRESS CALL NUMBER |
| Classification number |
HF1604 |
| 082 00 - DEWEY DECIMAL CLASSIFICATION NUMBER |
| Classification number |
382.30951 |
| Author Mark |
CHI |
| 130 0# - MAIN ENTRY--UNIFORM TITLE |
| Uniform title |
China's Belt and Road Initiative (Routledge) |
| 9 (RLIN) |
99219 |
| 245 10 - TITLE STATEMENT |
| Title |
China's Belt and Road Initiative : |
| Remainder of title |
strategic and economic impacts on Central Asia, Southeast Asia and Central Eastern Europe / |
| Statement of responsibility, etc. |
edited by Alfred Gerstl and Ute Wallenböck. |
| 264 #1 - PRODUCTION, PUBLICATION, DISTRIBUTION, MANUFACTURE, AND COPYRIGHT NOTICE |
| Place of production, publication, distribution, manufacture |
London : |
| Name of producer, publisher, distributor, manufacturer |
Routledge, |
| Date of production, publication, distribution, manufacture, or copyright notice |
2021. |
| 300 ## - PHYSICAL DESCRIPTION |
| Extent |
234 p. ; |
| Dimensions |
24 cm. |
| 490 0# - SERIES STATEMENT |
| Series statement |
Rethinking Asia and international relations |
| 504 ## - BIBLIOGRAPHY, ETC. NOTE |
| Bibliography, etc. note |
Includes index. |
| 505 0# - FORMATTED CONTENTS NOTE |
| Formatted contents note |
Introduction : Making analytically sense of the Belt and Road Initiative : a plea for multi- and trans-disciplinary approaches and eclecticism / Alfred Gerstl and Ute Wallenböck -- The Belt and Road Initiative post-April 2019 : plus ça change! / Vijay Nambiar -- Thoughts on appropriate approaches to studying BRI's actual impacts and limits / Yu-Wen Chen -- The Chinese Belt and Road Initiative and its impact on democratization and de-democratization processes / Wolfram Schaffar -- China's faltering normative power drive in Kazakhstan / Gaziza Shakhanova and Jeremy Garlick -- Malaysia and China's Belt and Road Initiative : a trilogy of commitment problem, diplomacy, and strategic foreign policy / Farizal Mohd Razalli -- Chinese grand strategy and the Belt and Road Initiative : the case of Southeast Asia / Tanguy Struye de Swielande and Kimberly Orinx -- The BRI, logistics, and global infrastructure : new world order, the game of go and the dispositif of shi / Joyce C.H. Liu -- China and the USA in Central Asia : competing actors with different goals? / Alica Kizeková -- Rail development potential in Asia in the frame of the Belt and Road Initiative : what Market? / Frédéric Lasserre, Eric Mottet and Linyan Huang -- From railway dreams to reality check : achievements and challenges of Sino-Polish relations at the local level : the case of Łódź-Sichuan partnership / Bartosz Kowalski -- Economic (policy) implications of the Belt and Road Initiative for Central, East and Southeast Europe / Julia Grübler and Robert Stehrer. |
| 520 ## - SUMMARY, ETC. |
| Summary, etc. |
"This transdisciplinary volume explores the concept of the Belt and Road Initiative (BRI), the theoretical approaches used to examine it and its strategic, security and economic impacts in Central and Southeast Asia and Central Eastern Europe"-- |
| Assigning source |
Provided by publisher. |
| 588 ## - SOURCE OF DESCRIPTION NOTE |
| Source of description note |
Description based on print version record and CIP data provided by publisher. |
| 610 20 - SUBJECT ADDED ENTRY--CORPORATE NAME |
| Corporate name or jurisdiction name as entry element |
Yi dai yi lu (Initiative : China) |
| 9 (RLIN) |
99130 |
| 650 #0 - SUBJECT ADDED ENTRY--TOPICAL TERM |
| Topical term or geographic name entry element |
Asian cooperation. |
| 9 (RLIN) |
99220 |
| 651 #0 - SUBJECT ADDED ENTRY--GEOGRAPHIC NAME |
| Geographic name |
China |
| General subdivision |
Foreign economic relations. |
| 9 (RLIN) |
24603 |
| 700 1# - ADDED ENTRY--PERSONAL NAME |
| Personal name |
Gerstl, Alfred, |
| Dates associated with a name |
1971- |
| Relator term |
editor. |
| 9 (RLIN) |
99221 |
| 700 1# - ADDED ENTRY--PERSONAL NAME |
| Personal name |
Wallenböck, Ute, |
| Relator term |
editor. |
| 9 (RLIN) |
99222 |
| 776 08 - ADDITIONAL PHYSICAL FORM ENTRY |
| Relationship information |
Print version: |
| Main entry heading |
China's Belt and Road Initiative (Routledge) |
| Title |
China's Belt and Road Initiative |
| Place, publisher, and date of publication |
Abingdon, Oxon ; New York, NY : Routledge, 2021. |
| International Standard Book Number |
9780367515904 |
| Record control number |
(DLC) 2020022675 |
| 906 ## - LOCAL DATA ELEMENT F, LDF (RLIN) |
| a |
7 |
| b |
cbc |
| c |
orignew |
| d |
1 |
| e |
ecip |
| f |
20 |
| g |
y-gencatlg |
| 942 ## - ADDED ENTRY ELEMENTS (KOHA) |
| Source of classification or shelving scheme |
|
| Koha item type |
Book |